[Event "SLO-chT U16"]
[Site "Murska Sobota"]
[Date "2018.05.12"]
[Round "3"]
[White "Stevanic, David"]
[Black "Cervek Roskaric, Erik"]
[Result "1-0"]
[WhiteElo "2250"]
[BlackElo "1224"]
[PlyCount "31"]
[EventDate "2018.05.11"]
[EventType "team-swiss"]
[EventRounds "5"]
[EventCountry "SLO"]
[SourceTitle "EXT 2020"]
[Source "ChessBase"]
[SourceDate "2019.10.17"]
[SourceVersion "1"]
[SourceVersionDate "2019.10.17"]
[SourceQuality "1"]

1. e4 Nf6 2. e5 Nd5 3. c4 Nb6 4. d4 d5 5. c5 N6d7 6. Bd3 b6 7. e6 Nf6 8. cxb6 axb6 9. exf7+ Kxf7 10. Nf3 Nbd7 11. Ng5+ Kg8 12. Ne6 Qe8 13. Nxc7 Qd8 14. Nxa8 Bb7 15. Qe2 Bxa8 16. Qe6# 1-0